Serralada de Marina : la Conreria : guia del parc / la Conreria : guia del parc /
ISBN:
84-7306-497-6
Descripción Física:
127 pàgines : il·lustracions ; 22 cm
Colección:
Pòrtic guies
Materias:
Parc de la Serralada de Marina (Catalunya) -- Guies
; Espai Natural de la Conreria-Sant Mateu-Céllecs (Catalunya) -- Guies
Idioma:
Catalán
MARC
| LEADER | 00000nam a2200000uc 4500 | ||
|---|---|---|---|
| 001 | 27014941 | ||
| 008 | s2004||||sp ||||gr|||| ||| ||cat|d | ||
| 020 | |a 84-7306-497-6 | ||
| 040 | |a BGR |b cat | ||
| 100 | |a Jaumot i Bisbal, Miquel |9 2047 | ||
| 245 | 0 | 0 | |a Serralada de Marina : |b la Conreria : guia del parc / |c Miquel Jaumot i Bisbal |
| 250 | |a Primera edició | ||
| 260 | |a Barcelona : |b Pòrtic, |c octubre del 2004 | ||
| 300 | |a 127 pàgines : |b il·lustracions ; |c 22 cm | ||
| 490 | |a Pòrtic guies | ||
| 610 | 1 | 0 | |a Parc de la Serralada de Marina (Catalunya) |v Guies |9 52709 |
| 610 | 2 | 0 | |a Espai Natural de la Conreria-Sant Mateu-Céllecs (Catalunya) |v Guies |9 53641 |
| 942 | |c ARXIU |2 udc |n 1 | ||
| 952 | |0 0 |1 0 |4 0 |7 1 |9 62568 |a Arxiu |b Arxiu |d 2022-06-29 |o Bib-726 |p 26086 |r 2022-06-29 00:00:00 |w 2022-06-29 |y ARXIU |z Donatiu BGR | ||
| 999 | |c 20494 |d 20494 | ||